Les Pokémon qui ont gagné un type en évoluant - Statistiques

Statistiques générales
  • Ce quiz a été pris 17 fois
  • Le résultat moyen est 42 sur 82
Statistiques - réponses
Pokémon % Correct
Dracaufeu
100%
Chimpenfeu
80%
Flobio
80%
Papilusion
80%
Pingoléon
80%
Dracolosse
70%
Feunard d'Alola
70%
Galifeu
70%
Léviator
70%
Lunala
70%
Momartik
70%
Solgaleo
70%
Torterra
70%
Charmillon
60%
Cheniselle
60%
Corvaillus
60%
Grotichon
60%
Lamantine
60%
Lucario
60%
Minotaupe
60%
Nidoking
60%
Nidoqueen
60%
Papilord
60%
Pifeuil
60%
Prismillon
60%
Raichu d'Alola
60%
Togetic
60%
Volcaropod
60%
Amphinobi
50%
Batracné
50%
Blindépique
50%
Cacturne
50%
Castorno
50%
Cerbyllin
50%
Chapignon
50%
Coléodôme
50%
Colimucus de Hisui
50%
Crustabri
50%
Félinferno
50%
Flâmigator
50%
Foretress
50%
Galopa de Galar
50%
Goupelin
50%
Hyporoi
50%
Mandrillon
50%
Miascarade
50%
Oratoria
50%
Ossatueur d'Alola
50%
Palmaval
50%
Papinox
50%
Sorcilence
50%
Tarinorme
50%
Tartard
50%
Torgamord
50%
Ursaking
50%
Carmadura
40%
Chrysapile
40%
Colhomard
40%
Crabominable
40%
Drattak
40%
Excavarenne
40%
Fragilady de Hisui
40%
Gambex
40%
Lançargot
40%
Malvalame
40%
Séracrawl de Hisui
40%
Smogogo de Galar
40%
Staross
40%
Tritosor
40%
Vibraninf
40%
Wagomine
40%
Darumacho
30%
Ecaïd
30%
Flagadoss de Galar
30%
Pandarbare
30%
Pohmotte
30%
Roigada de Galar
30%
Scovilain
30%
Courrousinge
20%
Darumacho de Galar
20%
Gromago
20%
Bérasca
10%
Aucun quiz correspondant
Distribution des résultats
% des personnes avec chaque résultat
Percentile par nombre de réponses
Votre historique - résultats
Vous n’avez pas pris ce quiz